[Event "Wch U20 60th"]
[Site "Mexico City"]
[Date "2023.09.22"]
[Round "2"]
[White "Beukes, Dante M"]
[Black "Cardoso Cardoso, Jose Gabriel"]
[Result "1/2-1/2"]
[WhiteElo "2239"]
[BlackElo "2478"]
[PlyCount "139"]
[EventDate "2023.09.21"]
[EventType "swiss"]
[EventRounds "11"]
[EventCountry "MEX"]
[SourceTitle "EXT 2024"]
[Source "ChessBase"]
[SourceDate "2023.10.10"]
[SourceVersion "1"]
[SourceVersionDate "2023.10.10"]
[SourceQuality "1"]

1. e4 c5 2. Nf3 d6 3. Bb5+ Nd7 4. a4 Ngf6 5. Nc3 g6 6. a5 Bg7 7. 0-0 a6 8. Be2 0-0 9. d3 b5 10. axb6 Qxb6 11. Ra3 Bb7 12. Bg5 e6 13. h3 Rfe8 14. Qd2 Qc7 15. Qf4 Rab8 16. Qh4 Bc6 17. Ra2 Rb4 18. Bh6 d5 19. Ng5 Bh8 20. Qg3 Qxg3 21. fxg3 Bb7 22. g4 Bg7 23. Bxg7 Kxg7 24. Nxf7 Kxf7 25. g5 Kg7 26. gxf6+ Nxf6 27. Na4 Nd7 28. exd5 Bxd5 29. b3 h5 30. Bf3 Rc8 31. Nc3 Bxf3 32. Rxf3 Rb6 33. Ra1 Ne5 34. Re3 Nf7 35. Rae1 e5 36. Na4 Re6 37. Nb2 Rce8 38. Nc4 Kf6 39. Rf3+ Kg7 40. Rfe3 Kf6 41. Nd2 Nd6 42. Ne4+ Nxe4 43. Rxe4 Rd8 44. Kf2 Rd4 45. Ke3 Ke7 46. Ra1 Kf6 47. Ra5 Rc6 48. Ra1 Re6 49. h4 Rb4 50. Ra4 Rd4 51. Ra5 Rc6 52. c3 Rd5 53. Rea4 Rdd6 54. Ke4 Rb6 55. Ra3 Rbc6 56. Ra1 Ke6 57. R1a4 Rb6 58. Rxc5 Rxb3 59. Rxe5+ Kf6 60. Rc4 Rb2 61. Rg5 Re2+ 62. Kf3 Rde6 63. Rf4+ Kg7 64. Kg3 Rd2 65. Rf3 Rc6 66. Re5 Rxc3 67. Re7+ Kg8 68. Re8+ Kg7 69. Re7+ Kg8 70. Re8+ 1/2-1/2

[Event "Wch U20 60th"]
[Site "Mexico City"]
[Date "2023.09.22"]
[Round "3"]
[White "Budisavljevic, Luka"]
[Black "Beukes, Dante M"]
[Result "1-0"]
[WhiteElo "2492"]
[BlackElo "2239"]
[PlyCount "93"]
[EventDate "2023.09.21"]
[EventType "swiss"]
[EventRounds "11"]
[EventCountry "MEX"]
[SourceTitle "EXT 2024"]
[Source "ChessBase"]
[SourceDate "2023.10.10"]
[SourceVersion "1"]
[SourceVersionDate "2023.10.10"]
[SourceQuality "1"]

1. d4 d5 2. c4 e6 3. Nc3 Nf6 4. cxd5 exd5 5. Bg5 Be7 6. e3 h6 7. Bh4 Bg4 8. Qb3 Nbd7 9. h3 Be6 10. Nf3 0-0 11. Be2 c5 12. 0-0 c4 13. Qc2 Re8 14. Ne5 Ne4 15. Bxe7 Qxe7 16. Nxe4 Nxe5 17. dxe5 Bf5 18. Nf6+ Qxf6 19. exf6 Bxc2 20. Rac1 Ba4 21. fxg7 Rad8 22. Bd1 Bb5 23. Bf3 Ba4 24. Rfe1 Kxg7 25. Re2 Re6 26. Rd2 Red6 27. Rd4 b5 28. g4 a5 29. h4 b4 30. Be2 R6d7 31. Bd1 Bb5 32. Bc2 Kf8 33. Rcd1 Ke7 34. f4 Bc6 35. Kf2 Rb8 36. g5 Rh8 37. Kg3 Rdd8 38. e4 hxg5 39. fxg5 dxe4 40. Rxc4 Rxd1 41. Bxd1 Kd6 42. Bb3 e3 43. Rc1 Rh7 44. Re1 f5 45. gxf6 Rh6 46. f7 Rf6 47. Rxe3 1-0

[Event "FIDE World Cup"]
[Site "Baku"]
[Date "2023.07.30"]
[Round "1.1"]
[White "Beukes, Dante M"]
[Black "Saric, Ivan"]
[Result "1/2-1/2"]
[WhiteElo "2180"]
[BlackElo "2657"]
[PlyCount "127"]
[EventDate "2023.07.30"]
[EventType "k.o."]
[EventRounds "8"]
[EventCountry "AZE"]
[SourceTitle "EXT 2024"]
[Source "ChessBase"]
[SourceDate "2023.10.10"]
[SourceVersion "1"]
[SourceVersionDate "2023.10.10"]
[SourceQuality "1"]

1. e4 c5 2. Nf3 d6 3. d4 cxd4 4. Nxd4 Nf6 5. Nc3 Nc6 6. Bg5 e6 7. Qd2 a6 8. 0-0-0 Bd7 9. f4 b5 10. a3 Rb8 11. Nf3 b4 12. axb4 Rxb4 13. e5 Qa5 14. Kb1 dxe5 15. Na2 Ra4 16. Qxa5 Rxa5 17. fxe5 Ne4 18. Be3 Be7 19. Bd3 Nc5 20. Bc4 Ra4 21. b3 Rxc4 22. bxc4 Na5 23. Rd4 0-0 24. Nc3 Rc8 25. Rhd1 Bc6 26. Ne1 f6 27. Bf4 Na4 28. Nxa4 Bxa4 29. c5 Bb5 30. Nd3 f5 31. Be3 Nc4 32. Bf2 g5 33. Ka2 Kf7 34. Kb1 Kg6 35. h4 h6 36. g4 f4 37. Bg1 Kf7 38. Bf2 Kg7 39. Bg1 Na3+ 40. Kb2 Nc4+ 41. Kc1 Ne3 42. Bxe3 fxe3 43. h5 e2 44. Re1 Bxc5 45. Nxc5 Rxc5 46. Kd2 Rd5 47. c3 Kf7 48. Rc1 Ke7 49. Ke1 Rxe5 50. c4 Bc6 51. Rc3 a5 52. c5 a4 53. Rd6 Bd5 54. Ra6 Re4 55. c6 Rxg4 56. Ra7+ Kd8 57. Kf2 Re4 58. Ke1 Kc8 59. Ra8+ Kc7 60. Ra7+ Kc8 61. Ra8+ Kc7 62. Ra7+ Kc8 63. Ra8+ Kc7 64. Ra7+ 1/2-1/2

[Event "Belgrade Serbia op"]
[Site "Belgrade"]
[Date "2023.07.19"]
[Round "4"]
[White "Beukes, Dante M"]
[Black "Damjanovic, Vuk"]
[Result "1-0"]
[WhiteElo "2180"]
[BlackElo "2376"]
[PlyCount "113"]
[EventDate "2023.07.16"]
[EventType "swiss"]
[EventRounds "9"]
[EventCountry "SRB"]
[SourceTitle "CBM 215 Extra"]
[Source "ChessBase"]
[SourceDate "2023.09.30"]
[SourceVersion "1"]
[SourceVersionDate "2023.09.30"]
[SourceQuality "1"]

1. e4 g6 2. d4 Bg7 3. Nc3 a6 4. Nf3 d6 5. Bd3 Bg4 6. Be3 Nc6 7. Ne2 Nb4 8. Bc4 d5 9. exd5 Bxf3 10. gxf3 Nxd5 11. Bg5 Ngf6 12. Bb3 h6 13. Bd2 e6 14. Ng3 h5 15. Ne4 Nxe4 16. fxe4 Nf6 17. Bg5 Qd7 18. Qd3 Qb5 19. Qxb5+ axb5 20. f3 Nd7 21. c3 Nb6 22. Ke2 Kd7 23. Bc2 Nc4 24. Bc1 Rhd8 25. Bd3 c6 26. f4 Ke7 27. Rg1 Bf6 28. a3 Ke8 29. Rb1 Ke7 30. Kf3 Kd7 31. Ke2 Kc7 32. Kf3 Be7 33. Bc2 c5 34. Rd1 cxd4 35. cxd4 Bf6 36. Be3 Na5 37. Rbc1 Kb6 38. e5 Bg7 39. d5+ Ka6 40. dxe6 fxe6 41. Bxg6 Nc4 42. Bd3 Nxe3 43. Kxe3 Bh6 44. a4 Rf8 45. Bxb5+ Ka7 46. Rc4 Rf5 47. Re4 Rg8 48. Bc4 Rg2 49. Bxe6 Rf8 50. Rb4 Rxh2 51. Rd7 Ka8 52. Rh7 Bxf4+ 53. Rxf4 Re2+ 54. Kxe2 Rxf4 55. Bd5 Rf5 56. Bxb7+ Kb8 57. Re7 1-0

[Event "Paracin op 16th"]
[Site "Paracin"]
[Date "2023.07.11"]
[Round "5"]
[White "Beukes, Dante M"]
[Black "Munkhbayar, Gijir"]
[Result "1-0"]
[WhiteElo "2180"]
[BlackElo "2005"]
[PlyCount "130"]
[EventDate "2023.07.07"]
[EventType "swiss"]
[EventRounds "9"]
[EventCountry "SRB"]
[SourceTitle "EXT 2024"]
[Source "ChessBase"]
[SourceDate "2023.10.10"]
[SourceVersion "1"]
[SourceVersionDate "2023.10.10"]
[SourceQuality "1"]

1. e4 c5 2. Nf3 d6 3. Nc3 Nf6 4. d4 cxd4 5. Nxd4 a6 6. f3 e6 7. Be3 b5 8. a3 Bb7 9. g4 Nfd7 10. Qd2 Nb6 11. 0-0-0 N8d7 12. h4 Rc8 13. Rh3 Ne5 14. Qe1 Nec4 15. f4 Nxe3 16. Qxe3 Be7 17. e5 d5 18. f5 Bxh4 19. f6 g5 20. Bd3 Nd7 21. Bxb5 axb5 22. Ncxb5 Qb6 23. Nd6+ Kd8 24. Rd3 Nc5 25. Rc3 Kd7 26. Nxe6 fxe6 27. Nxb7 Na4 28. Qxb6 Nxb6 29. Rxc8 Rxc8 30. Nd6 Rh8 31. Rf3 Nc8 32. Nb7 Kc6 33. Na5+ Kd7 34. Nb7 Kc6 35. Na5+ Kd7 36. Rb3 h5 37. Rb7+ Ke8 38. gxh5 Bg3 39. Rc7 Kd8 40. Rg7 Nb6 41. Nc6+ Kc8 42. Ne7+ Kd8 43. Nc6+ Kc8 44. f7 Rf8 45. Rg8 Nd7 46. Ne7+ Kc7 47. Rxf8 Bf4+ 48. Kd1 Nxf8 49. Ng6 Nh7 50. f8Q Nxf8 51. Nxf8 Bxe5 52. Nxe6+ Kd6 53. Nxg5 Bxb2 54. a4 Bf6 55. Nf3 Kc5 56. h6 Kb4 57. h7 Kxa4 58. Ke2 Kb4 59. Kd3 Kc5 60. Ng5 Kd6 61. Nf7+ Ke7 62. h8Q Bxh8 63. Nxh8 Kf6 64. Kd4 Kg7 65. Kxd5 Kxh8 1-0

[Event "Paracin op 16th"]
[Site "Paracin"]
[Date "2023.07.08"]
[Round "3"]
[White "Beukes, Dante M"]
[Black "Sertbay, Huseyin"]
[Result "1-0"]
[WhiteElo "2180"]
[BlackElo "2018"]
[PlyCount "109"]
[EventDate "2023.07.07"]
[EventType "swiss"]
[EventRounds "9"]
[EventCountry "SRB"]
[SourceTitle "EXT 2024"]
[Source "ChessBase"]
[SourceDate "2023.10.10"]
[SourceVersion "1"]
[SourceVersionDate "2023.10.10"]
[SourceQuality "1"]

1. e4 e5 2. Nf3 Nc6 3. Bb5 a6 4. Ba4 Nf6 5. 0-0 Be7 6. Re1 b5 7. Bb3 0-0 8. a4 Bb7 9. d3 d6 10. Bd2 Qd7 11. Nc3 Nd8 12. axb5 axb5 13. Rxa8 Bxa8 14. d4 exd4 15. Nxd4 c6 16. Nf5 Re8 17. Bg5 Ne6 18. Bxf6 Bxf6 19. e5 Bd8 20. Nxd6 Rf8 21. Qg4 c5 22. Ndxb5 Qc6 23. Bd5 Qa6 24. Bxa8 Qxa8 25. Qa4 Qxa4 26. Nxa4 Ba5 27. Rd1 Rb8 28. c4 Kf8 29. Kf1 Ke7 30. Na7 Ra8 31. Nc6+ Ke8 32. Nxa5 Rxa5 33. Nc3 Ra8 34. g3 Rb8 35. Nb5 Nd4 36. Nxd4 cxd4 37. Rd2 Rb4 38. Ke2 Rxc4 39. Kd3 Rb4 40. Ke4 Ke7 41. Kd5 d3 42. f3 g5 43. Kc5 Rb8 44. b4 Ke6 45. Rxd3 Kxe5 46. Rd5+ Kf6 47. b5 Rc8+ 48. Kd6 Rd8+ 49. Kc6 Rc8+ 50. Kd7 Rc2 51. b6 Rxh2 52. b7 Rb2 53. Kc6 Ke6 54. Rb5 Rc2+ 55. Kb6 1-0

[Event "Paracin op 16th"]
[Site "Paracin"]
[Date "2023.07.07"]
[Round "1"]
[White "Beukes, Dante M"]
[Black "Karaivanova, Petya F"]
[Result "0-1"]
[WhiteElo "2180"]
[BlackElo "1841"]
[PlyCount "86"]
[EventDate "2023.07.07"]
[EventType "swiss"]
[EventRounds "9"]
[EventCountry "SRB"]
[SourceTitle "EXT 2024"]
[Source "ChessBase"]
[SourceDate "2023.10.10"]
[SourceVersion "1"]
[SourceVersionDate "2023.10.10"]
[SourceQuality "1"]

1. e4 e5 2. Nf3 Nc6 3. Bb5 a6 4. Ba4 Nf6 5. 0-0 d6 6. c3 Bd7 7. d4 g6 8. h3 Bg7 9. Bc2 0-0 10. Be3 Kh8 11. dxe5 Nxe5 12. Nxe5 dxe5 13. Nd2 Qe7 14. a4 Rad8 15. b4 Ne8 16. Re1 Nd6 17. c4 Be6 18. Qe2 f5 19. exf5 Bxf5 20. Rac1 Qf7 21. Bb3 Be6 22. Nf3 b5 23. Bc5 Rfe8 24. Nxe5 Qg8 25. Qa2 bxc4 26. Bc2 Bd5 27. Ng4 Qf7 28. Ne3 Be6 29. Bb1 c3 30. Qe2 Nc4 31. Bd3 Nb2 32. Bxa6 Rd2 33. Qf1 Nxa4 34. Bb5 Bd7 35. Bc4 Be6 36. Bb5 Bd7 37. Bc4 Be6 38. Bxe6 Rxe6 39. Nd1 Nxc5 40. bxc5 Bd4 41. Ne3 Rf6 42. Ng4 Rfxf2 43. Nxf2 Rxf2 0-1

[Event "Titled Tuesday intern op 7th Mar Late"]
[Site "Chess.com INT"]
[Date "2023.03.07"]
[Round "2"]
[White "Beukes, Dante M"]
[Black "Curtis, John"]
[Result "1-0"]
[WhiteElo "2210"]
[BlackElo "2292"]
[PlyCount "59"]
[EventDate "2023.03.07"]
[EventType "swiss (blitz)"]
[EventRounds "11"]
[EventCountry "USA"]
[SourceTitle "EXT 2024"]
[Source "ChessBase"]
[SourceDate "2023.10.10"]
[SourceVersion "1"]
[SourceVersionDate "2023.10.10"]
[SourceQuality "1"]

1. e4 c5 2. Nf3 e6 3. d3 d6 4. g3 Nf6 5. Bg2 Be7 6. 0-0 0-0 7. c3 Qc7 8. Re1 b6 9. d4 Bb7 10. e5 dxe5 11. dxe5 Nfd7 12. Nbd2 Rd8 13. Qc2 Nc6 14. Ne4 Ncxe5 15. Nxe5 Nxe5 16. Bf4 f6 17. Ng5 fxg5 18. Bxe5 Qc8 19. Be4 Bxe4 20. Qxe4 Bf8 21. Rad1 Rxd1 22. Rxd1 Qe8 23. Qg4 h6 24. h4 gxh4 25. Qxh4 Qg6 26. Qf4 Re8 27. Rd7 Re7 28. Rd8 Rf7 29. Qe3 Kh7 30. Bf4 1-0

[Event "Titled Tuesday intern op 7th Mar Late"]
[Site "Chess.com INT"]
[Date "2023.03.07"]
[Round "8"]
[White "Beukes, Dante M"]
[Black "Rodriguez Santiago, Jaime"]
[Result "1-0"]
[WhiteElo "2210"]
[BlackElo "2026"]
[PlyCount "89"]
[EventDate "2023.03.07"]
[EventType "swiss (blitz)"]
[EventRounds "11"]
[EventCountry "USA"]
[SourceTitle "EXT 2024"]
[Source "ChessBase"]
[SourceDate "2023.10.10"]
[SourceVersion "1"]
[SourceVersionDate "2023.10.10"]
[SourceQuality "1"]

1. e4 c6 2. d4 d5 3. Nc3 dxe4 4. Nxe4 Nf6 5. Nxf6+ exf6 6. c3 Bd6 7. Bd3 0-0 8. Ne2 Re8 9. 0-0 Nd7 10. Ng3 g6 11. f4 f5 12. c4 Nf8 13. Bd2 Bc7 14. Bc3 Ne6 15. Ne2 Qe7 16. Kh1 b6 17. Qd2 Bb7 18. Rae1 Qh4 19. d5 cxd5 20. cxd5 Nc5 21. Bb5 Re4 22. b4 Na6 23. Ba1 Rd8 24. Qc3 f6 25. Bxa6 Bxd5 26. Qxc7 Rde8 27. Qd6 Ba8 28. Qxf6 Qxf6 29. Bxf6 Kf7 30. Bc3 Bd5 31. Rd1 Ba8 32. Rd7+ R8e7 33. Rxe7+ Kxe7 34. Nd4 b5 35. Bxb5 Kd6 36. Rd1 Kc7 37. Nf3 Kb6 38. Bd3 Re8 39. Bd4+ Kb7 40. Bb5 Rd8 41. Ne5 Kb8 42. Ba6 Rd6 43. b5 Be4 44. Nc4 Rd7 45. Be5+ 1-0

[Event "Titled Tuesday intern op 7th Mar Late"]
[Site "Chess.com INT"]
[Date "2023.03.07"]
[Round "6"]
[White "Beukes, Dante M"]
[Black "Souza, Gustavo Horokoski"]
[Result "1-0"]
[WhiteElo "2210"]
[BlackElo "1943"]
[PlyCount "49"]
[EventDate "2023.03.07"]
[EventType "swiss (blitz)"]
[EventRounds "11"]
[EventCountry "USA"]
[SourceTitle "EXT 2024"]
[Source "ChessBase"]
[SourceDate "2023.10.10"]
[SourceVersion "1"]
[SourceVersionDate "2023.10.10"]
[SourceQuality "1"]

1. e4 e5 2. Nf3 Nc6 3. Bb5 d6 4. d4 exd4 5. Nxd4 Bd7 6. Bxc6 Bxc6 7. Nc3 Nf6 8. 0-0 g6 9. Re1 Bg7 10. e5 dxe5 11. Rxe5+ Kf8 12. Bg5 h6 13. Bh4 g5 14. Bg3 Ne8 15. Nxc6 bxc6 16. Rc5 Nd6 17. Rxc6 Qe8 18. Bxd6+ cxd6 19. Qxd6+ Kg8 20. Nd5 Rd8 21. Ne7+ Kf8 22. Ng6+ Kg8 23. Rc8 Rxc8 24. Ne7+ Kh7 25. Qd3+ 1-0

[Event "Titled Tuesday intern op 7th Mar Late"]
[Site "Chess.com INT"]
[Date "2023.03.07"]
[Round "7"]
[White "Filgueira, Hernan"]
[Black "Beukes, Dante M"]
[Result "1-0"]
[WhiteElo "2283"]
[BlackElo "2210"]
[PlyCount "81"]
[EventDate "2023.03.07"]
[EventType "swiss (blitz)"]
[EventRounds "11"]
[EventCountry "USA"]
[SourceTitle "EXT 2024"]
[Source "ChessBase"]
[SourceDate "2023.10.10"]
[SourceVersion "1"]
[SourceVersionDate "2023.10.10"]
[SourceQuality "1"]

1. c4 Nf6 2. Nc3 g6 3. e4 e5 4. Nf3 Bg7 5. Nxe5 0-0 6. Nf3 Re8 7. d3 c6 8. Be2 d5 9. cxd5 cxd5 10. e5 Ng4 11. d4 Nc6 12. 0-0 Nh6 13. Bxh6 Bxh6 14. h3 Be6 15. Nb5 f6 16. exf6 Qxf6 17. Nc7 Rac8 18. Nxe8 Rxe8 19. Bb5 Rf8 20. Re1 Bf5 21. Bxc6 bxc6 22. Qe2 Be4 23. Rad1 Qf4 24. Ne5 Qg5 25. Qg4 Qf6 26. Rf1 Bf5 27. Qe2 Qg5 28. f4 Qh4 29. Qf2 Qd8 30. Nxc6 Qd6 31. Ne5 Be4 32. Qh4 Bg7 33. Rf2 Rb8 34. b3 Bf6 35. Qg3 Bg7 36. Rc1 Rd8 37. Qc3 Rf8 38. Qc6 Qb4 39. Qc5 Qb7 40. Qc6 Qb4 41. Qe6+ 1-0

[Event "US Masters op"]
[Site "Charlotte"]
[Date "2022.11.27"]
[Round "8"]
[White "Beukes, Dante M"]
[Black "Kavutskiy, Konstantin"]
[Result "0-1"]
[WhiteElo "2299"]
[BlackElo "2383"]
[PlyCount "86"]
[EventDate "2022.11.23"]
[EventType "swiss"]
[EventRounds "9"]
[EventCountry "USA"]
[SourceTitle "CBM 211 Extra"]
[Source "ChessBase"]
[SourceDate "2023.01.31"]
[SourceVersion "1"]
[SourceVersionDate "2023.01.31"]
[SourceQuality "1"]

1. e4 c5 2. Nf3 Nc6 3. Bb5 g6 4. 0-0 Bg7 5. c3 Nf6 6. Re1 0-0 7. h3 e5 8. d3 Re8 9. Be3 b6 10. a3 Bb7 11. b4 d6 12. Nbd2 Qc7 13. Bg5 Nh5 14. Nf1 h6 15. Be3 Nf4 16. Qd2 Kh7 17. Rac1 Nh5 18. g4 Nf6 19. Ng3 Nd7 20. h4 Ne7 21. g5 h5 22. c4 Red8 23. Bxd7 Qxd7 24. b5 Qg4 25. Kg2 a6 26. Nh2 Qe6 27. a4 Bc8 28. Rh1 Bd7 29. f3 axb5 30. axb5 Ra3 31. Nhf1 Rda8 32. Bf2 f5 33. Ne2 fxe4 34. fxe4 Qg4+ 35. Bg3 Rf8 36. Nh2 Qh3+ 37. Kg1 Qe6 38. Kg2 d5 39. Rhf1 Qh3+ 40. Kh1 dxe4 41. dxe4 Bg4 42. Rxf8 Bxf8 43. Rg1 Bf3+ 0-1

[Event "Charlotte CCCSA Fall IM-E"]
[Site "Charlotte"]
[Date "2022.11.20"]
[Round "6"]
[White "Beukes, Dante M"]
[Black "Caglar, Sila"]
[Result "1/2-1/2"]
[WhiteElo "2299"]
[BlackElo "2268"]
[PlyCount "129"]
[EventDate "2022.11.18"]
[EventType "tourn"]
[EventRounds "9"]
[EventCountry "USA"]
[SourceTitle "CBM 211 Extra"]
[Source "ChessBase"]
[SourceDate "2023.01.31"]
[SourceVersion "1"]
[SourceVersionDate "2023.01.31"]
[SourceQuality "1"]

1. e4 c6 2. d4 d5 3. Nc3 dxe4 4. Nxe4 Nf6 5. Nxf6+ exf6 6. Be3 Bd6 7. Bd3 0-0 8. Ne2 Re8 9. 0-0 Nd7 10. c4 Nf8 11. Ng3 g6 12. Qd2 Bc7 13. Rad1 h5 14. Ne2 Qd6 15. Nf4 Ne6 16. c5 Qd8 17. Ne2 h4 18. h3 f5 19. Bc4 Qf6 20. f4 b5 21. Bb3 Bb7 22. Rf3 Rad8 23. Qc1 Ng7 24. a3 Nh5 25. d5 cxd5 26. Bd4 Qc6 27. Qd2 Re4 28. Bc2 Rxe2 29. Qxe2 Nxf4 30. Qf2 Ne6 31. Qxh4 Nxd4 32. Qxd4 Re8 33. b4 Be5 34. Qf2 d4 35. Bb3 Qf6 36. Rfd3 Qg5 37. Rxd4 Bxd4 38. Rxd4 Re3 39. Rg4 Qh6 40. Rh4 Qg5 41. Rg4 Qh6 42. Rh4 Qg5 43. Bxf7+ Kg7 44. Ba2 Re1+ 45. Kh2 Qxg2+ 46. Qxg2 Bxg2 47. Kxg2 Re2+ 48. Kf3 Rxa2 49. Ke3 Rxa3+ 50. Kd4 g5 51. Rh5 Kg6 52. Rh8 Rb3 53. Ke5 Rxb4 54. Rg8+ Kf7 55. Rxg5 Re4+ 56. Kd5 Kf6 57. Rg8 Re3 58. c6 Rd3+ 59. Kc5 Rxh3 60. Kxb5 Rc3 61. Rf8+ Ke6 62. Re8+ Kf6 63. Rf8+ Ke6 64. Re8+ Kf6 65. Rf8+ 1/2-1/2

[Event "Hollywood Masters op"]
[Site "Los Angeles"]
[Date "2022.10.30"]
[Round "9"]
[White "Perez, Robert M"]
[Black "Beukes, Dante M"]
[Result "1/2-1/2"]
[WhiteElo "2362"]
[BlackElo "2299"]
[PlyCount "20"]
[EventDate "2022.10.26"]
[EventType "swiss"]
[EventRounds "9"]
[EventCountry "USA"]
[SourceTitle "EXT 2024"]
[Source "ChessBase"]
[SourceDate "2023.10.10"]
[SourceVersion "1"]
[SourceVersionDate "2023.10.10"]
[SourceQuality "1"]

1. e4 c5 2. Nf3 d6 3. Bb5+ Bd7 4. Bxd7+ Nxd7 5. 0-0 Ngf6 6. Qe2 Rc8 7. c3 e6 8. d4 cxd4 9. cxd4 d5 10. e5 Ng8 1/2-1/2

[Event "Hollywood Masters op"]
[Site "Los Angeles"]
[Date "2022.10.29"]
[Round "7"]
[White "Ostrovskiy, Aleksandr A"]
[Black "Beukes, Dante M"]
[Result "1-0"]
[WhiteElo "2371"]
[BlackElo "2299"]
[PlyCount "122"]
[EventDate "2022.10.26"]
[EventType "swiss"]
[EventRounds "9"]
[EventCountry "USA"]
[SourceTitle "EXT 2024"]
[Source "ChessBase"]
[SourceDate "2023.10.10"]
[SourceVersion "1"]
[SourceVersionDate "2023.10.10"]
[SourceQuality "1"]

1. d4 Nf6 2. Nf3 g6 3. Nbd2 Bg7 4. e4 d6 5. Bb5+ c6 6. Bd3 0-0 7. 0-0 Nbd7 8. a4 Nh5 9. Re1 e5 10. c3 Nf4 11. Bf1 Ne6 12. dxe5 Nxe5 13. Nxe5 dxe5 14. Qf3 Qc7 15. Nc4 Nc5 16. Be3 Nb3 17. Ra3 Na5 18. Nxa5 Qxa5 19. Bc4 Qc7 20. a5 Re8 21. Bb6 Qe7 22. Bc5 Qf6 23. Qxf6 Bxf6 24. Rd1 Bg7 25. Kf1 Bf8 26. b4 Kg7 27. Ra2 Kf6 28. Rd3 Be6 29. Bxe6 fxe6 30. Bxf8 Rxf8 31. Rd7 Rf7 32. Rad2 Re8 33. Rxf7+ Kxf7 34. a6 Re7 35. Rd6 c5 36. bxc5 bxa6 37. Rxa6 Rc7 38. Ke2 Rxc5 39. Rxa7+ Kf6 40. Kd3 h5 41. h4 g5 42. hxg5+ Kxg5 43. c4 h4 44. Rg7+ Kh6 45. Rb7 Ra5 46. Rb5 Ra3+ 47. Ke2 Ra2+ 48. Kf3 Ra3+ 49. Kg4 Ra2 50. Kf3 Ra3+ 51. Kg4 Ra2 52. Rxe5 Rxf2 53. Rxe6+ Kg7 54. Kh3 Rc2 55. Re5 Rxc4 56. Kxh4 Kf6 57. Rf5+ Kg6 58. Rg5+ Kf6 59. Rf5+ Kg6 60. Rf4 Ra4 61. Rg4+ Kf6 1-0

[Event "Olympiad-44"]
[Site "Chennai"]
[Date "2022.08.07"]
[Round "9.1"]
[White "Beukes, Dante M"]
[Black "Cisse, Amadou Lamine"]
[Result "1-0"]
[WhiteElo "2234"]
[BlackElo "2005"]
[PlyCount "71"]
[EventDate "2022.07.29"]
[EventType "team-swiss"]
[EventRounds "11"]
[EventCountry "IND"]
[SourceTitle "CBM 210"]
[Source "ChessBase"]
[SourceDate "2022.10.31"]
[SourceVersion "1"]
[SourceVersionDate "2022.10.31"]
[SourceQuality "1"]
[WhiteTeam "Namibia"]
[BlackTeam "Senegal"]
[WhiteTeamCountry "NAM"]
[BlackTeamCountry "SEN"]

1. e4 Nc6 2. Nf3 d6 3. d4 Nf6 4. Nc3 Bg4 5. Be3 e5 6. d5 Ne7 7. h3 Bh5 8. g4 Bg6 9. Nd2 c6 10. dxc6 bxc6 11. Nc4 Nc8 12. Bg2 Rb8 13. 0-0 h6 14. f4 Nd7 15. f5 Bh7 16. Qd3 f6 17. Rad1 Bg8 18. b3 Ndb6 19. Nxb6 axb6 20. a4 Be7 21. b4 Qd7 22. b5 c5 23. Nd5 Ra8 24. Ra1 Bd8 25. Rfd1 Ne7 26. Nc3 Nc8 27. Bf1 h5 28. Be2 hxg4 29. hxg4 g5 30. Kg2 Bc7 31. Nd5 Bd8 32. Rh1 Rxh1 33. Rxh1 Rxa4 34. Qb3 Qa7 35. Nxf6+ Bxf6 36. Qxg8+ 1-0

[Event "Olympiad-44"]
[Site "Chennai"]
[Date "2022.08.05"]
[Round "7.1"]
[White "Beukes, Dante M"]
[Black "Bagheri, Amir"]
[Result "0-1"]
[WhiteElo "2234"]
[BlackElo "2375"]
[PlyCount "96"]
[EventDate "2022.07.29"]
[EventType "team-swiss"]
[EventRounds "11"]
[EventCountry "IND"]
[SourceTitle "CBM 210"]
[Source "ChessBase"]
[SourceDate "2022.10.31"]
[SourceVersion "1"]
[SourceVersionDate "2022.10.31"]
[SourceQuality "1"]
[WhiteTeam "Namibia"]
[BlackTeam "Monaco"]
[WhiteTeamCountry "NAM"]
[BlackTeamCountry "MNC"]

1. e4 c6 2. d4 d5 3. e5 Bf5 4. Nd2 e6 5. Nb3 Nd7 6. Nf3 Ne7 7. Be2 Nc8 8. 0-0 Be7 9. Ne1 0-0 10. g4 Bg6 11. f4 f5 12. exf6 Bxf6 13. Bd3 Bxd3 14. Nxd3 Re8 15. Qe2 Nf8 16. a4 a5 17. c3 Nd6 18. Nd2 b6 19. Nf3 Ne4 20. Nf2 Nd6 21. Be3 Qc7 22. Nh1 b5 23. Ng3 Rab8 24. g5 Bd8 25. Ne5 Ng6 26. Qh5 bxa4 27. Rf2 Ne7 28. f5 exf5 29. Bf4 g6 30. Qh6 Nec8 31. Rg2 Rb7 32. Nh5 Re6 33. h4 c5 34. Nf6+ Bxf6 35. gxf6 Rxf6 36. h5 Qg7 37. hxg6 Qxh6 38. Bxh6 cxd4 39. gxh7+ Kxh7 40. Bg5 Re6 41. cxd4 Nb6 42. Ra3 Rg7 43. Kf1 Kg8 44. Rh3 Nbc4 45. Nd7 Reg6 46. Nf6+ Kf7 47. Nh7 Ne4 48. Rh5 Kg8 0-1

[Event "South African op"]
[Site "Cape Town"]
[Date "2022.07.15"]
[Round "8"]
[White "Beukes, Dante M"]
[Black "Mhango, Banele"]
[Result "1-0"]
[WhiteElo "2234"]
[BlackElo "2238"]
[PlyCount "58"]
[EventDate "2022.07.09"]
[EventType "swiss"]
[EventRounds "11"]
[EventCountry "RSA"]
[SourceTitle "CBM 209 Extra"]
[Source "ChessBase"]
[SourceDate "2022.09.30"]
[SourceVersion "1"]
[SourceVersionDate "2022.09.30"]
[SourceQuality "1"]

1. e4 c5 2. Nf3 d6 3. Bb5+ Nd7 4. 0-0 Ngf6 5. Re1 a6 6. Bf1 b6 7. c3 Bb7 8. d3 e6 9. Nbd2 Be7 10. d4 e5 11. dxe5 dxe5 12. a4 0-0 13. Bd3 Qc7 14. b3 Bc6 15. Qe2 Qb7 16. Nc4 Qc7 17. Bg5 b5 18. axb5 axb5 19. Ne3 Rxa1 20. Rxa1 Qb7 21. Nf5 Re8 22. Nxe7+ Rxe7 23. Nh4 h6 24. Nf5 Re6 25. Bxf6 Nxf6 26. f3 Kh7 27. Qf2 Nd7 28. Qh4 Rf6 29. Bf1 b4 1-0